| Tag |
First Indicator |
Second Indicator |
Subfields |
| LEADER |
00000cam a2200000 i 4500 |
| 001 |
in00000043990 |
| 005 |
20151007065047.0 |
| 008 |
790725s1980 nju b 00100 eng |
| 010 |
|
|
|a 78062895
|
| 020 |
|
|
|a 0878552936 :
|c $16.95
|
| 035 |
|
|
|a (OCoLC)05265189
|
| 035 |
|
|
|9 AAE1203AM
|
| 040 |
|
|
|a DLC
|c DLC
|d OCL
|d TXA
|d UtOrBLW
|
| 043 |
|
|
|a n-us---
|
| 049 |
|
|
|a TXAM
|c [1191880]
|
| 050 |
0 |
0 |
|a KF306.A5
|b L38
|
| 082 |
0 |
|
|a 174/.3
|
| 245 |
0 |
0 |
|a Lawyers' ethics :
|b contemporary dilemmas /
|c edited by Allan Gerson.
|
| 264 |
|
1 |
|a New Brunswick, N.J. :
|b Transaction Inc.,
|c [1980]
|
| 264 |
|
4 |
|c ©1980
|
| 300 |
|
|
|a x, 279 pages ;
|c 24 cm.
|
| 336 |
|
|
|a text
|b txt
|2 rdacontent
|
| 337 |
|
|
|a unmediated
|b n
|2 rdamedia
|
| 338 |
|
|
|a volume
|b nc
|2 rdacarrier
|
| 504 |
|
|
|a Includes bibliographical references and index.
|
| 650 |
|
0 |
|a Legal ethics
|z United States.
|
| 650 |
|
0 |
|a Lawyers
|z United States.
|
| 700 |
1 |
|
|a Gerson, Allan.
|
| 999 |
|
|
|a MARS
|
| 999 |
f |
f |
|s 2ca83250-6bba-331a-9974-d63071db3223
|i e2f8a827-eb1d-300b-b5e4-61cc8e8a622a
|t 0
|
| 952 |
f |
f |
|p ric
|a Texas A&M University
|b Rellis Campus
|c Joint Library Facility
|d Remote Storage
|t 0
|e KF306.A5 L38
|h Library of Congress classification
|i unmediated -- volume
|m A14803158312
|
| 998 |
f |
f |
|a KF306.A5 L38
|t 0
|l Remote Storage
|